Alle 160 Weltwährungen - Statistiken

Allgemein
  • Dieses Quiz wurde 28 mal gespielt
  • Das Durchschnittsergebnis liegt bei 85 aus 235
Antwortstatistiken
Ort Währung % Korrekt
Deutschland Euro
91%
Andorra Euro
87%
Frankreich Euro
87%
Griechenland Euro
87%
Belgien Euro
83%
Finnland Euro
83%
Französisch-Guayana Euro
83%
Luxemburg Euro
83%
Australien Australischer Dollar
78%
Grönland Dänische Krone
78%
Italien Euro
78%
Malta Euro
78%
Monaco Euro
78%
Niederlande Euro
78%
Österreich Euro
78%
Portugal Euro
78%
Slowakei Euro
78%
Spanien Euro
78%
Kanada Kanadischer Dollar
78%
Bahamas Bahama-Dollar
74%
Dänemark Dänische Krone
74%
Estland Euro
74%
Irland Euro
74%
Lettland Euro
74%
Litauen Euro
74%
Slowenien Euro
74%
Zypern Euro
74%
Mexiko Mexikanischer Peso
74%
Großbritannien Pfund Sterling
74%
Schweiz Schweizer Franken
74%
Japan Yen
74%
Chile Chilenischer Peso
70%
Saint Martin Euro
70%
Vatikan Euro
70%
Norwegen Norwegische Krone
70%
Spitzbergen Norwegische Krone
70%
Russland Russischer Rubel
70%
Schweden Schwedische Krone
70%
Vereinigte Staaten US-Dollar
70%
Bermuda Bermuda-Dollar
65%
Montenegro Euro
65%
San Marino Euro
65%
Färöer Färöische Krone
65%
Gibraltar Gibraltar-Pfund
65%
Island Isländische Krone
65%
Türkei Neue Lira
65%
Argentinien Argentinischer Peso
61%
Guadeloupe Euro
61%
Kosovo Euro
61%
Réunion Euro
61%
Isle of Man Isle-of-Man-Pfund | Manx-Pfund
61%
Jamaika Jamaikanischer Dollar
61%
Jersey Jersey-Pfund
61%
Neuseeland Neuseeland-Dollar
61%
Antigua & Barbuda Ostkaribischer Dollar
61%
Amerikanische Jungferninseln US-Dollar
61%
Britische Jungferninseln US-Dollar
61%
Barbados Barbados-Dollar
57%
Belize Belize-Dollar
57%
Guernsey Guernsey-Pfund
57%
Kuba Kubanischer Peso
57%
Cookinseln Neuseeland-Dollar
57%
St. Lucia Ostkaribischer Dollar
57%
Liechtenstein Schweizer Franken
57%
Tschechische Republik Tschechische Krone
57%
Amerikanisch-Samoa US-Dollar
57%
Polen Zloty
57%
Martinique Euro
52%
St. Barthélemy Euro
52%
Hongkong Hongkong-Dollar
52%
Nordzypern Neue Lira
52%
Anguilla Ostkaribischer Dollar
52%
Dominica Ostkaribischer Dollar
52%
St. Vincent & die Grenadinen Ostkaribischer Dollar
52%
Singapur Singapur-Dollar
52%
Falklandinseln Falkland-Pfund
48%
Indien Indische Rupie
48%
Kolumbien Kolumbianischer Peso
48%
Liberia Liberianischer Dollar
48%
Grenada Ostkaribischer Dollar
48%
Südafrika Südafrikanischer Rand
48%
Marshallinseln US-Dollar
48%
Weihnachtsinsel Australischer Dollar
43%
Brasilien Brasilianischer Real
43%
Dominikanische Republik Dominikanischer Peso
43%
Fidschi Fidschi-Dollar
43%
Kaimaninseln Kaiman-Dollar
43%
Ecuador US-Dollar
43%
Mikronesien US-Dollar
43%
Palau US-Dollar
43%
Ägypten Ägyptisches Pfund
39%
Kiribati Australischer Dollar
39%
Norfolkinsel Australischer Dollar
39%
Bulgarien Lew
39%
Montserrat Ostkaribischer Dollar
39%
Salomonen Salomonen-Dollar
39%
Serbien Serbischer Dinar
39%
Suriname Suriname-Dollar
39%
Uruguay Uruguayischer Peso
39%
Bonaire US-Dollar
39%
Guam US-Dollar
39%
Puerto Rico US-Dollar
39%
Brunei Brunei-Dollar
35%
China Chinesischer Renminbi Yuan
35%
St. Pierre & Miquelon Euro
35%
Albanien Lek
35%
Namibia Namibischer Dollar
35%
Israel Neuer Schekel
35%
Philippinen Philippinischer Peso
35%
Sri Lanka Sri Lanka-Rupie
35%
Trinidad & Tobago Trinidad & Tobago Dollar
35%
Weißrussland Weißrussischer Rubel
35%
Algerien Algerischer Dinar
30%
Tuvalu Australischer Dollar
30%
Bahrain Bahrain-Dinar
30%
Guyana Guyana-Dollar
30%
Irak Irakischer Dinar
30%
Jordanien Jordanischer Dinar
30%
Bosnien & Herzegowina Konvertible Mark
30%
Libanon Libanesisches Pfund
30%
Gazastreifen Neuer Schekel
30%
Rumänien Rumänischer Leu
30%
Taiwan Taiwan-Dollar
30%
Benin CFA-Franc BCEAO
26%
Burkina Faso CFA-Franc BCEAO
26%
Ungarn Forint
26%
Kuwait Kuwait-Dinar
26%
Saudi-Arabien Saudi-Rial
26%
Simbabwe Simbabwe-Dollar
26%
Sudan Sudanesisches Pfund
26%
Südsudan Südsudanesisches Pfund
26%
Tunesien Tunesischer Dinar
26%
Saba US-Dollar
26%
Abu Dhabi VAE Dirham
26%
Thailand Baht
22%
Burundi Burundi-Franc
22%
Elfenbeinküste CFA-Franc BCEAO
22%
Mali CFA-Franc BCEAO
22%
Niger CFA-Franc BCEAO
22%
Senegal CFA-Franc BCEAO
22%
Togo CFA-Franc BCEAO
22%
Äquatorialguinea CFA-Franc BEAC
22%
Gabun CFA-Franc BEAC
22%
Kamerun CFA-Franc BEAC
22%
Kongo CFA-Franc BEAC
22%
Französisch-Polynesien CFP-Franc
22%
Guinea Guinea-Franc
22%
Indonesien Indonesische Rupiah
22%
Komoren Komoren-Franc
22%
Demokratische Republik Kongo Kongo-Franc
22%
Libyen Libyscher Dinar
22%
Oman Omanischer Rial
22%
Pakistan Pakistanische Rupie
22%
Ruanda Ruanda-Franc
22%
Afghanistan Afghani
17%
Aserbaidschan Aserbaidschan-Manat
17%
Äthiopien Äthiopischer Birr
17%
Bolivien Boliviano
17%
Guinea-Bissau CFA-Franc BCEAO
17%
Armenien Dram
17%
Iran Iranischer Rial
17%
Jemen Jemen-Rial
17%
Cabo Verde Kap-Verde-Escudo
17%
Kenia Kenia-Schilling
17%
Kroatien Kroatische Kuna
17%
Marokko Marokkanischer Dirham
17%
Moldau Moldauscher Leu
17%
Nepal Nepalesische Rupie
17%
Nordkorea Nordkoreanischer Won
17%
Südgeorgien Pfund Sterling
17%
Südkorea Südkoreanischer Won
17%
Bangladesch Taka
17%
Dubai VAE Dirham
17%
Venezuela Venezolanischer Bolívar
17%
Botswana Botswanischer Pula
13%
Tschad CFA-Franc BEAC
13%
Zentralafrikanische Republik CFA-Franc BEAC
13%
Wallis & Futuna CFP-Franc
13%
Costa Rica Costa-Rica Colón
13%
Dschibuti Dschibuti-Franc
13%
Katar Katar-Riyal
13%
Angola Kwanza
13%
Laos Laotischer Kip
13%
Georgien Lari
13%
Malaysia Malaysischer Ringgit
13%
Mauritius Mauritius-Rupie
13%
Nordmazedonien Mazedonischer Denar
13%
Bhutan Ngultrum
13%
Peru Peruanischer Sol
13%
Seychellen Seychellen-Rupie
13%
Kirgisistan Som
13%
Syrien Syrisches Pfund
13%
Tansania Tansania-Schilling
13%
Kasachstan Tenge
13%
Vereinigte Arabische Emirate VAE-Dirham
13%
Curaçao Antillen-Gulden
9%
Madagaskar Ariary
9%
Aruba Aruba-Florin
9%
Nicaragua Córdoba Oro
9%
Gambia Dalasi
9%
Ghana Ghanaischer Cedi
9%
Haiti Gourde
9%
Papua-Neuguinea Kina
9%
Myanmar Kyat
9%
Honduras Lempira
9%
Lesotho Loti
9%
Malawi Malawi-Kwacha
9%
Mosambik Metical
9%
Eritrea Nakfa
9%
Westjordanland Neuer Schekel
9%
Panama Panamaischer Balboa
9%
Paraguay Paraguayischer Guaraní
9%
Guatemala Quetzal
9%
Sambia Sambischer Kwacha
9%
Samoa Samoanischer Tala
9%
Sierra Leone Sierra-leonischer Leone
9%
Usbekistan Soʻm
9%
Somalia Somalia-Schilling
9%
Tadschikistan Somoni
9%
Turkmenistan Turkmenistan-Manat
9%
Uganda Uganda-Schilling
9%
Vanuatu Vatu
9%
Sint Maarten Antillen-Gulden
4%
Eswatini Lilangeni
4%
Nigeria Naira
4%
Kambodscha Riel
4%
Malediven Rufiyaa
4%
Mongolei Tugrik
4%
El Salvador El Salvador Colón
0%
Ukraine Hrywna
0%
Mauretanien Ouguiya
0%
Tonga Pa'anga
0%
Macau Pataca
0%
Westsahara Saharaui-Peseta
0%
Vietnam Vietnamesischer Đồng
0%
Keine übereinstimmenden Quizze gefunden
Verteilung der Resultate
Anzahl Personen mit jedem Resultat
Perzentil nach korrekt beantworteten Fragen
Ihre Resultats-Entwicklung
Sie haben dieses Quiz noch nicht gespielt